[Event "RUS-ch Rapid"]
[Site "Sochi"]
[Date "2023.10.15"]
[Round "5"]
[White "Demidov, Mikhail"]
[Black "Kretov, Evgenij"]
[Result "1-0"]
[WhiteElo "2562"]
[BlackElo "2276"]
[PlyCount "81"]
[EventDate "2023.10.15"]
[EventType "swiss (rapid)"]
[EventRounds "11"]
[EventCountry "RUS"]
[SourceTitle "Mega2024 Update 01"]
[Source "Chessbase"]
[SourceDate "2023.11.12"]
[SourceVersion "1"]
[SourceVersionDate "2023.11.12"]
[SourceQuality "1"]

1. Nf3 c5 2. e3 Nf6 3. d4 e6 4. c4 cxd4 5. exd4 d5 6. Nc3 Be7 7. cxd5 Nxd5 8. Bd3 Nc6 9. 0-0 0-0 10. Re1 Nxc3 11. bxc3 b6 12. h4 Bb7 13. Ng5 g6 14. Nxh7 Kxh7 15. Qh5+ Kg8 16. Bxg6 fxg6 17. Qxg6+ Kh8 18. Re4 Bf6 19. Qh5+ Kg8 20. Rg4+ Bg7 21. Rxg7+ Kxg7 22. Bh6+ Kh7 23. Bg5+ Kg7 24. Qh6+ Kf7 25. Qh7+ Ke8 26. Bxd8 Nxd8 27. c4 Rf7 28. Qg8+ Kd7 29. Re1 Re7 30. Qg4 Nf7 31. d5 Rae8 32. h5 Nd6 33. h6 Kc7 34. Rxe6 Bc8 35. Rxe7+ Rxe7 36. Qg7 Nf5 37. Qg6 Re1+ 38. Kh2 Re4 39. h7 Rh4+ 40. Kg1 Bd7 41. Qg8 1-0

[Event "RUS-ch Blitz"]
[Site "Sochi"]
[Date "2023.10.14"]
[Round "2"]
[White "Khismatullin, Denis Rimovich"]
[Black "Kretov, Evgenij"]
[Result "1-0"]
[WhiteElo "2579"]
[BlackElo "2276"]
[PlyCount "51"]
[EventDate "2023.10.14"]
[EventType "swiss (blitz)"]
[EventRounds "13"]
[EventCountry "RUS"]
[SourceTitle "Mega2024 Update 01"]
[Source "Chessbase"]
[SourceDate "2023.11.12"]
[SourceVersion "1"]
[SourceVersionDate "2023.11.12"]
[SourceQuality "1"]

1. d4 Nf6 2. c4 e6 3. Nf3 d5 4. g3 Bb4+ 5. Bd2 Be7 6. Bg2 0-0 7. 0-0 c6 8. Qc2 Nbd7 9. Bf4 Nh5 10. Bc1 f5 11. b3 b6 12. cxd5 cxd5 13. Qc6 Ndf6 14. Qxa8 Qc7 15. Ba3 Ba6 16. Qxf8+ Bxf8 17. Rc1 Qb7 18. Bxf8 Kxf8 19. Nc3 Ne4 20. Nxe4 fxe4 21. Ne5 Bxe2 22. Rc3 Kg8 23. Rac1 h6 24. Bh3 Qe7 25. Rc8+ Kh7 26. Rh8+ 1-0

[Event "RUS-ch Blitz"]
[Site "Sochi"]
[Date "2023.10.14"]
[Round "9"]
[White "Kretov, Evgenij"]
[Black "Bocharov, Dmitry"]
[Result "0-1"]
[WhiteElo "2276"]
[BlackElo "2519"]
[PlyCount "139"]
[EventDate "2023.10.14"]
[EventType "swiss (blitz)"]
[EventRounds "13"]
[EventCountry "RUS"]
[SourceTitle "Mega2024 Update 01"]
[Source "Chessbase"]
[SourceDate "2023.11.12"]
[SourceVersion "1"]
[SourceVersionDate "2023.11.12"]
[SourceQuality "1"]

1. d4 Nf6 2. c4 e6 3. Nc3 Bb4 4. Bg5 c5 5. d5 h6 6. Bh4 Bxc3+ 7. bxc3 d6 8. e3 Qe7 9. Nf3 e5 10. Qc2 g5 11. Bg3 e4 12. Nd2 Bf5 13. h4 Rg8 14. hxg5 hxg5 15. f4 Ng4 16. Ke2 Nd7 17. Rb1 0-0-0 18. Qa4 Kb8 19. Qb5 Ndf6 20. fxg5 Rxg5 21. Qxc5 Nh5 22. Rxh5 Rxh5 23. Nb3 Ka8 24. Qd4 b6 25. a4 Ne5 26. a5 Rg8 27. Bf4 Nd3 28. axb6 Nxf4+ 29. exf4 e3 30. Ra1 Bg4+ 31. Kd3 Bf5+ 32. Ke2 Bg4+ 33. Kd3 e2 34. b7+ Qxb7 35. Bxe2 Bxe2+ 36. Kxe2 Rxg2+ 37. Kf3 Rg8 38. Nd2 Rh3+ 39. Kf2 Rh2+ 40. Kf3 f5 41. c5 Rh3+ 42. Kf2 Qe7 43. Nf3 Re8 44. Ra2 Rxf3+ 45. Kxf3 Qh4 46. Rg2 Qh3+ 47. Rg3 Qh1+ 48. Rg2 Qh5+ 49. Kf2 Re2+ 50. Kf1 Qf3+ 51. Rf2 Rxf2+ 52. Qxf2 Qd1+ 53. Qe1 Qf3+ 54. Qf2 Qxd5 55. cxd6 Qxd6 56. Qg2+ Kb8 57. Qg8+ Kc7 58. Qf7+ Qd7 59. Qc4+ Kb6 60. Kf2 Qc6 61. Qb4+ Ka6 62. Qa3+ Kb7 63. Qe7+ Qc7 64. Qb4+ Qb6+ 65. Ke2 Qxb4 66. cxb4 Kc6 67. Kd2 Kd5 68. Kd3 a6 69. Kc3 Ke4 70. Kc4 0-1

[Event "RUS-ch Blitz"]
[Site "Sochi"]
[Date "2023.10.14"]
[Round "7"]
[White "Kretov, Evgenij"]
[Black "Demidov, Mikhail"]
[Result "1/2-1/2"]
[WhiteElo "2276"]
[BlackElo "2562"]
[PlyCount "69"]
[EventDate "2023.10.14"]
[EventType "swiss (blitz)"]
[EventRounds "13"]
[EventCountry "RUS"]
[SourceTitle "Mega2024 Update 01"]
[Source "Chessbase"]
[SourceDate "2023.11.12"]
[SourceVersion "1"]
[SourceVersionDate "2023.11.12"]
[SourceQuality "1"]

1. c4 g6 2. Nc3 Bg7 3. d4 d6 4. e4 e5 5. d5 a5 6. Bd3 Na6 7. Nge2 Nc5 8. Bc2 Nf6 9. f3 Nh5 10. Be3 0-0 11. Qd2 f5 12. 0-0-0 b6 13. h3 f4 14. Bf2 Bf6 15. Rhf1 Bh4 16. Bg1 Qg5 17. Bxc5 bxc5 18. Ng1 Bd7 19. Ba4 Bxa4 20. Nxa4 Rfb8 21. Qc2 Rb4 22. Rd2 Nf6 23. a3 Rb7 24. Nc3 Nd7 25. Nb5 a4 26. Kb1 Qd8 27. Ne2 Nb6 28. Qd3 Qd7 29. Nec3 Kg7 30. Ka2 Be7 31. Rc1 Rbb8 32. Rdc2 Bh4 33. Rd1 Rc8 34. Re2 Be7 35. Rc2 1/2-1/2

[Event "Titled Tuesday intern op 15th Feb Early"]
[Site "Chess.com INT"]
[Date "2022.02.15"]
[Round "3"]
[White "Federzoni, Enzo"]
[Black "Kretov, Evgenij"]
[Result "0-1"]
[WhiteElo "2135"]
[BlackElo "2274"]
[PlyCount "62"]
[EventDate "2022.02.15"]
[EventType "swiss (blitz)"]
[EventRounds "11"]
[EventCountry "USA"]
[SourceTitle "CBM 206 Extra"]
[Source "ChessBase"]
[SourceDate "2022.03.31"]
[SourceVersion "1"]
[SourceVersionDate "2022.03.31"]
[SourceQuality "1"]

1. c4 Nf6 2. Nc3 c5 3. g3 e6 4. Bg2 d5 5. cxd5 exd5 6. d3 d4 7. Ne4 Nd5 8. Nf3 Be7 9. 0-0 0-0 10. Bg5 Nc6 11. Rc1 b6 12. a3 Bb7 13. Bxe7 Qxe7 14. Qd2 h6 15. g4 Rfe8 16. Ng3 Ne5 17. Nf5 Nxf3+ 18. Bxf3 Qe5 19. Be4 Rab8 20. f4 Qe6 21. h3 Nf6 22. Bxb7 Rxb7 23. Rf2 h5 24. Rg2 hxg4 25. hxg4 Nxg4 26. Rxg4 Qxf5 27. Rg2 Re3 28. Rf1 Rbe7 29. Rf3 Rxf3 30. exf3 Re3 31. Rg4 Qxd3 0-1

[Event "Titled Tuesday intern op 15th Feb Early"]
[Site "Chess.com INT"]
[Date "2022.02.15"]
[Round "2"]
[White "Kretov, Evgenij"]
[Black "Deac, Bogdan Daniel"]
[Result "0-1"]
[WhiteElo "2274"]
[BlackElo "2679"]
[PlyCount "86"]
[EventDate "2022.02.15"]
[EventType "swiss (blitz)"]
[EventRounds "11"]
[EventCountry "USA"]
[SourceTitle "CBM 206 Extra"]
[Source "ChessBase"]
[SourceDate "2022.03.31"]
[SourceVersion "1"]
[SourceVersionDate "2022.03.31"]
[SourceQuality "1"]

1. d4 Nf6 2. c4 e6 3. Nc3 Bb4 4. Bg5 c5 5. d5 exd5 6. cxd5 d6 7. e3 0-0 8. Bd3 Nbd7 9. Nge2 h6 10. Bh4 Ne5 11. 0-0 Ng6 12. Bg3 Nh5 13. Qc2 Nxg3 14. Nxg3 Ne5 15. Bf5 c4 16. f4 Nd7 17. e4 Re8 18. Rae1 Nc5 19. e5 dxe5 20. fxe5 Bxc3 21. bxc3 Qxd5 22. Bh7+ Kh8 23. Rd1 Qxe5 24. Rxf7 Bg4 25. Rdf1 Nd3 26. Bxd3 Qe3+ 27. Kh1 cxd3 28. Qa4 Be6 29. Rxb7 d2 30. Qh4 Rf8 31. Rbb1 Rad8 32. Rbd1 Qd3 33. Rxf8+ Rxf8 34. Qe7 Rf6 35. Qe8+ Kh7 36. Qa4 Rg6 37. Nf1 Bg4 38. Nxd2 Bxd1 39. Qxd1 Rd6 40. Qg4 Qxd2 41. Qf5+ Kg8 42. Qc8+ Rd8 43. Qe6+ Kh8 0-1

[Event "Titled Tuesday intern op 15th Feb Early"]
[Site "Chess.com INT"]
[Date "2022.02.15"]
[Round "10"]
[White "Nguyen, Ngoc Truong Son"]
[Black "Kretov, Evgenij"]
[Result "1-0"]
[WhiteElo "2641"]
[BlackElo "2274"]
[PlyCount "45"]
[EventDate "2022.02.15"]
[EventType "swiss (blitz)"]
[EventRounds "11"]
[EventCountry "USA"]
[SourceTitle "CBM 206 Extra"]
[Source "ChessBase"]
[SourceDate "2022.03.31"]
[SourceVersion "1"]
[SourceVersionDate "2022.03.31"]
[SourceQuality "1"]

1. e4 c5 2. Nf3 Nc6 3. Bb5 g6 4. Bxc6 bxc6 5. d4 cxd4 6. Qxd4 f6 7. c4 Nh6 8. Bxh6 Bxh6 9. Nc3 0-0 10. h4 Bf4 11. h5 d6 12. hxg6 hxg6 13. g3 Be5 14. Qd2 Qa5 15. Nxe5 Qxe5 16. 0-0-0 Be6 17. f4 Qc5 18. f5 Bxf5 19. exf5 Qxf5 20. Rde1 e5 21. Qxd6 Rad8 22. Qe7 Rd7 23. Rh8+ 1-0

[Event "Titled Tuesday intern op 15th Feb Early"]
[Site "Chess.com INT"]
[Date "2022.02.15"]
[Round "5"]
[White "Vitiugov, Nikita"]
[Black "Kretov, Evgenij"]
[Result "1-0"]
[WhiteElo "2726"]
[BlackElo "2274"]
[PlyCount "49"]
[EventDate "2022.02.15"]
[EventType "swiss (blitz)"]
[EventRounds "11"]
[EventCountry "USA"]
[SourceTitle "CBM 206 Extra"]
[Source "ChessBase"]
[SourceDate "2022.03.31"]
[SourceVersion "1"]
[SourceVersionDate "2022.03.31"]
[SourceQuality "1"]

1. c4 Nf6 2. Nc3 c5 3. g3 e6 4. Nf3 b6 5. e4 d6 6. d4 cxd4 7. Nxd4 a6 8. Bg2 Bb7 9. 0-0 Qc7 10. Qe2 Nbd7 11. f4 Be7 12. g4 0-0 13. g5 Ne8 14. f5 Nc5 15. Be3 Qd8 16. Qg4 e5 17. Nc2 Kh8 18. Nb4 b5 19. cxb5 axb5 20. Rf3 h6 21. Rh3 Qa5 22. Nbd5 Qd8 23. f6 Nxf6 24. gxf6 Bxf6 25. Bxh6 1-0

[Event "Titled Tuesday intern op 25th Jan"]
[Site "Chess.com INT"]
[Date "2022.01.25"]
[Round "2"]
[White "Goldin, Roman"]
[Black "Kretov, Evgenij"]
[Result "0-1"]
[WhiteElo "2311"]
[BlackElo "2274"]
[PlyCount "114"]
[EventDate "2022.01.25"]
[EventType "swiss (blitz)"]
[EventRounds "11"]
[EventCountry "USA"]
[SourceTitle "CBM 206 Extra"]
[Source "ChessBase"]
[SourceDate "2022.03.31"]
[SourceVersion "1"]
[SourceVersionDate "2022.03.31"]
[SourceQuality "1"]

1. e4 c5 2. Nf3 Nc6 3. c3 d5 4. exd5 Qxd5 5. d4 g6 6. Be2 cxd4 7. cxd4 Bg7 8. Nc3 Qd8 9. d5 Ne5 10. Nxe5 Bxe5 11. Bb5+ Bd7 12. Qe2 Bg7 13. 0-0 a6 14. Bc4 Nf6 15. d6 e6 16. Bg5 h6 17. Bh4 0-0 18. Rac1 Rc8 19. Rfd1 Qa5 20. Bb3 Rfd8 21. h3 Kh7 22. g4 Bc6 23. Qe3 Rd7 24. Ne2 Rcd8 25. Bg3 Ne4 26. Rxc6 Nxg3 27. Nxg3 bxc6 28. Ne4 f5 29. Nc5 Rxd6 30. Rxd6 Rxd6 31. Nb7 Qc7 32. Nxd6 Qxd6 33. Qxe6 Qxe6 34. Bxe6 fxg4 35. hxg4 Bxb2 36. Kg2 Kg7 37. Kf3 Kf6 38. Bc4 a5 39. Ke4 Kg5 40. f3 h5 41. gxh5 gxh5 42. f4+ Kf6 43. Be2 h4 44. Bg4 Bc3 45. Kd3 Bb4 46. Kc4 Bd6 47. f5 Kg5 48. Bh3 Be7 49. a4 Kf4 50. f6 Bxf6 51. Kc5 Kg3 52. Be6 h3 53. Kxc6 Kg2 54. Bd5+ Kg1 55. Kb5 Bc3 56. Kc4 Bb4 57. Kb5 h2 0-1

[Event "Titled Tuesday intern op 25th Jan"]
[Site "Chess.com INT"]
[Date "2022.01.25"]
[Round "1"]
[White "Kretov, Evgenij"]
[Black "Kalajzic, Ivan"]
[Result "1-0"]
[WhiteElo "2274"]
[BlackElo "2108"]
[PlyCount "87"]
[EventDate "2022.01.25"]
[EventType "swiss (blitz)"]
[EventRounds "11"]
[EventCountry "USA"]
[SourceTitle "CBM 206 Extra"]
[Source "ChessBase"]
[SourceDate "2022.03.31"]
[SourceVersion "1"]
[SourceVersionDate "2022.03.31"]
[SourceQuality "1"]

1. d4 Nc6 2. Nf3 d6 3. c4 Bg4 4. Nc3 e5 5. d5 Nce7 6. e4 Nf6 7. Be2 g6 8. Be3 Bg7 9. Nd2 Bd7 10. c5 0-0 11. Nc4 Ne8 12. 0-0 f5 13. f3 f4 14. Bf2 g5 15. a4 Ng6 16. cxd6 Nxd6 17. Nxd6 cxd6 18. Nb5 Bxb5 19. Bxb5 h5 20. a5 Rf7 21. a6 b6 22. Qe2 Bf8 23. Rfc1 Rg7 24. Kf1 Ne7 25. h3 g4 26. hxg4 hxg4 27. Ke1 gxf3 28. gxf3 Ng6 29. Kd2 Nh4 30. Rh1 Ng2 31. Rag1 Ne3 32. Bxe3 fxe3+ 33. Qxe3 Rc8 34. Bc6 b5 35. b4 Rxc6 36. dxc6 d5 37. exd5 Qxd5+ 38. Qd3 Bxb4+ 39. Ke2 Qa2+ 40. Ke3 Bc5+ 41. Ke4 Qa4+ 42. Kxe5 Rxg1 43. Qd8+ Kg7 44. Qf6+ 1-0

[Event "Titled Tuesday intern op 25th Jan"]
[Site "Chess.com INT"]
[Date "2022.01.25"]
[Round "6"]
[White "Ronka, Erik"]
[Black "Kretov, Evgenij"]
[Result "1-0"]
[WhiteElo "2355"]
[BlackElo "2274"]
[PlyCount "141"]
[EventDate "2022.01.25"]
[EventType "swiss (blitz)"]
[EventRounds "11"]
[EventCountry "USA"]
[SourceTitle "CBM 206 Extra"]
[Source "ChessBase"]
[SourceDate "2022.03.31"]
[SourceVersion "1"]
[SourceVersionDate "2022.03.31"]
[SourceQuality "1"]

1. d4 Nf6 2. Nf3 e6 3. g3 b6 4. Bg2 Bb7 5. 0-0 c5 6. dxc5 Bxc5 7. c4 0-0 8. Nc3 Be7 9. b3 a6 10. Bb2 d6 11. Rc1 Nbd7 12. Qd2 Qc7 13. Rfd1 Rfd8 14. Nd4 Rac8 15. Bxb7 Qxb7 16. Qe3 Bf8 17. Qf3 Qc7 18. e4 Nc5 19. Qe2 h6 20. Nc2 Qb7 21. Re1 Rb8 22. Nd4 Ncd7 23. h3 Rdc8 24. Kh2 Rc7 25. f4 Qc8 26. g4 e5 27. fxe5 dxe5 28. Nf5 g6 29. Ne3 Bc5 30. Ned5 Rc6 31. Rf1 Kg7 32. Qf3 Qe8 33. Ne2 Nh7 34. Rcd1 Ng5 35. Qg2 Rd8 36. h4 Ne6 37. Rd3 Nd4 38. Nxd4 Bxd4 39. Rxd4 exd4 40. Bxd4+ Ne5 41. g5 hxg5 42. hxg5 Re6 43. Kg1 b5 44. Qg3 bxc4 45. bxc4 Rc8 46. Rf6 Rcc6 47. Nc7 Rxc7 48. Rxe6 Qxe6 49. Bxe5+ Kg8 50. Bxc7 Qxe4 51. Qe5 Qb1+ 52. Kg2 Qxa2+ 53. Kh3 Qb3+ 54. Qg3 Qxc4 55. Qe5 Qd3+ 56. Kg4 Qd7+ 57. Kf4 Qc6 58. Bd6 Qc4+ 59. Kg3 Qc6 60. Bc5 a5 61. Bd4 Kf8 62. Qh8+ Ke7 63. Qf6+ Qxf6 64. Bxf6+ Ke6 65. Kf4 Kd5 66. Bg7 a4 67. Bf6 Kc4 68. Ke5 a3 69. Kd6 a2 70. Ke7 Kd5 71. Kxf7 1-0

[Event "Titled Tuesday intern op 11th Jan"]
[Site "Chess.com INT"]
[Date "2022.01.11"]
[Round "11"]
[White "Dilmukhametov, Artur"]
[Black "Kretov, Evgenij"]
[Result "0-1"]
[WhiteElo "2293"]
[BlackElo "2274"]
[PlyCount "58"]
[EventDate "2022.01.11"]
[EventType "swiss (blitz)"]
[EventRounds "11"]
[EventCountry "USA"]
[SourceTitle "CBM 206 Extra"]
[Source "ChessBase"]
[SourceDate "2022.03.31"]
[SourceVersion "1"]
[SourceVersionDate "2022.03.31"]
[SourceQuality "1"]

1. e4 c5 2. Nf3 Nc6 3. d4 cxd4 4. Nxd4 g6 5. Nc3 Bg7 6. Be3 Nf6 7. Bc4 0-0 8. Bb3 d6 9. f3 Bd7 10. Qd2 Nxd4 11. Bxd4 b5 12. 0-0 a5 13. a4 b4 14. Nd5 Nxd5 15. exd5 Rc8 16. Rfe1 Re8 17. Bxg7 Kxg7 18. Qd4+ Kg8 19. Re3 Bf5 20. Re2 Qc7 21. Kh1 Qc5 22. Qd2 Rc7 23. Rae1 Bc8 24. Qh6 Ba6 25. Re4 Qf2 26. Qg5 f6 27. Qf4 Bf1 28. Qg4 f5 29. Qh4 Qxg2# 0-1

[Event "Titled Tuesday intern op 11th Jan"]
[Site "Chess.com INT"]
[Date "2022.01.11"]
[Round "6"]
[White "Ibrahimli, Murad Sultanali"]
[Black "Kretov, Evgenij"]
[Result "1-0"]
[WhiteElo "2418"]
[BlackElo "2274"]
[PlyCount "129"]
[EventDate "2022.01.11"]
[EventType "swiss (blitz)"]
[EventRounds "11"]
[EventCountry "USA"]
[SourceTitle "CBM 206 Extra"]
[Source "ChessBase"]
[SourceDate "2022.03.31"]
[SourceVersion "1"]
[SourceVersionDate "2022.03.31"]
[SourceQuality "1"]

1. e4 c5 2. Nf3 Nc6 3. Bb5 g6 4. 0-0 Bg7 5. c3 Nf6 6. Re1 0-0 7. d4 cxd4 8. cxd4 d5 9. e5 Ne4 10. Bxc6 bxc6 11. Be3 Qb6 12. Qc1 Bf5 13. Nbd2 Rab8 14. b3 Rfc8 15. Nxe4 Bxe4 16. Nd2 Bf5 17. Nb1 Qb4 18. Nc3 a5 19. Na4 e6 20. Qd2 Bf8 21. Rac1 Qxd2 22. Bxd2 Ba3 23. Bxa5 Bxc1 24. Rxc1 Ra8 25. Bd2 Rc7 26. f3 Bd3 27. Rc5 Bb5 28. Nc3 Bd3 29. Kf2 Kf8 30. h4 Ke7 31. Bg5+ Kd7 32. Na4 Raa7 33. Rc3 Bb5 34. Nc5+ Kc8 35. a4 Ba6 36. Ke3 Bf1 37. g4 h5 38. Kf4 Kb8 39. Bf6 Rc8 40. Rc1 Ba6 41. Re1 Rg8 42. Kg5 Kc7 43. Kf4 Raa8 44. Rg1 Bb7 45. Be7 Rae8 46. Bd6+ Kc8 47. a5 hxg4 48. fxg4 Rh8 49. Kg5 Rh7 50. a6 Ba8 51. Ra1 Reh8 52. Ra4 f5 53. exf6 Kd8 54. Rb4 Ke8 55. Rb8+ Kf7 56. Rxh8 Rxh8 57. Nd7 Rd8 58. Ne5+ Kg8 59. f7+ Kg7 60. f8Q+ Rxf8 61. Bxf8+ Kxf8 62. Nd7+ Ke7 63. Nb6 Kd8 64. Nxa8 Kc8 65. Nb6+ 1-0

[Event "Titled Tuesday intern op 11th Jan"]
[Site "Chess.com INT"]
[Date "2022.01.11"]
[Round "1"]
[White "Kretov, Evgenij"]
[Black "Rudzinska, Michalina"]
[Result "0-1"]
[WhiteElo "2274"]
[BlackElo "2211"]
[PlyCount "118"]
[EventDate "2022.01.11"]
[EventType "swiss (blitz)"]
[EventRounds "11"]
[EventCountry "USA"]
[SourceTitle "CBM 206 Extra"]
[Source "ChessBase"]
[SourceDate "2022.03.31"]
[SourceVersion "1"]
[SourceVersionDate "2022.03.31"]
[SourceQuality "1"]

1. d4 Nf6 2. c4 e6 3. Nc3 c5 4. d5 exd5 5. cxd5 d6 6. e4 g6 7. f4 Bg7 8. Bb5+ Nfd7 9. a4 0-0 10. Nf3 Re8 11. 0-0 Na6 12. Re1 Nb4 13. Be3 a6 14. Bf1 Nf6 15. Bf2 Ng4 16. Bg3 Qf6 17. h3 Nh6 18. Bh4 Qxf4 19. g3 Bd4+ 20. Nxd4 Qe5 21. Nf3 Qg7 22. g4 f5 23. g5 Nf7 24. Qd2 Bd7 25. Bg3 Rf8 26. e5 dxe5 27. Nxe5 Nd6 28. Nxd7 Qxd7 29. Re6 Ne4 30. Nxe4 fxe4 31. Bc4 b5 32. Bb3 Rad8 33. Rd1 Rf3 34. Kh2 Rxb3 35. Rxe4 Qxd5 36. Qe2 Rxb2 37. Qxb2 Qxd1 38. Re2 Qd4 39. Qb3+ Qc4 40. Qf3 Rf8 41. Qg2 Qd5 42. Qg1 Nd3 43. Qd1 c4 44. Re7 Qf3 45. Qd2 b4 46. Re3 Qd5 47. Qe2 Nc5 48. Re5 Qd4 49. Re7 Rd8 50. Be5 Qd2 51. Rg7+ Kf8 52. Qxd2 Rxd2+ 53. Kg3 c3 54. Rc7 Nd3 55. Bf6 c2 56. Rc8+ Kf7 57. Rc7+ Ke6 58. Rc6+ Kd5 59. Rc8 c1Q 0-1

[Event "Titled Tuesday intern op 11th Jan"]
[Site "Chess.com INT"]
[Date "2022.01.11"]
[Round "9"]
[White "Kretov, Evgenij"]
[Black "Yedidia, Daniel"]
[Result "0-1"]
[WhiteElo "2274"]
[BlackElo "1991"]
[PlyCount "42"]
[EventDate "2022.01.11"]
[EventType "swiss (blitz)"]
[EventRounds "11"]
[EventCountry "USA"]
[SourceTitle "CBM 206 Extra"]
[Source "ChessBase"]
[SourceDate "2022.03.31"]
[SourceVersion "1"]
[SourceVersionDate "2022.03.31"]
[SourceQuality "1"]

1. d4 Nf6 2. c4 e6 3. Nc3 Bb4 4. Bg5 b6 5. Qc2 Bb7 6. e3 h6 7. Bh4 g5 8. Bg3 Ne4 9. Nf3 d6 10. Bd3 f5 11. Bxe4 Bxc3+ 12. Qxc3 Bxe4 13. Rg1 Nd7 14. d5 Qf6 15. Nd4 e5 16. Ne6 f4 17. exf4 gxf4 18. Nxc7+ Ke7 19. Nxa8 Rxa8 20. f3 fxg3 21. fxe4 Qf2+ 0-1

[Event "Titled Tuesday intern op 09th Nov"]
[Site "Chess.com INT"]
[Date "2021.11.09"]
[Round "7"]
[White "Kretov, Evgenij"]
[Black "Bouget, Alexandre"]
[Result "0-1"]
[WhiteElo "2274"]
[BlackElo "2265"]
[PlyCount "68"]
[EventDate "2021.11.09"]
[EventType "swiss (blitz)"]
[EventRounds "11"]
[EventCountry "USA"]
[SourceTitle "CBM 205 Extra"]
[Source "ChessBase"]
[SourceDate "2022.01.31"]
[SourceVersion "1"]
[SourceVersionDate "2022.01.31"]
[SourceQuality "1"]

1. d4 Nf6 2. c4 c5 3. d5 e6 4. Nc3 exd5 5. cxd5 d6 6. e4 g6 7. f4 Bg7 8. Bb5+ Nfd7 9. a4 0-0 10. Nf3 c4 11. 0-0 Nc5 12. e5 Bg4 13. Be3 Nd3 14. e6 fxe6 15. dxe6 Nxf4 16. Bxc4 Kh8 17. Qb3 Nc6 18. Qxb7 Ne7 19. Ng5 Rb8 20. Qxa7 d5 21. Bxf4 Rxb2 22. Nf7+ Rxf7 23. exf7 dxc4 24. Rad1 Bxd1 25. Rxd1 Qf8 26. Qa5 Qxf7 27. Rd8+ Ng8 28. g3 Qb7 29. Rxg8+ Kxg8 30. Qd8+ Kf7 31. Nd5 Bd4+ 32. Kf1 c3 33. Bc7 Qa6+ 34. Ke1 Qe2# 0-1

[Event "Titled Tuesday intern op 09th Nov"]
[Site "Chess.com INT"]
[Date "2021.11.09"]
[Round "5"]
[White "Kretov, Evgenij"]
[Black "Pichot, Alan"]
[Result "0-1"]
[WhiteElo "2274"]
[BlackElo "2630"]
[PlyCount "70"]
[EventDate "2021.11.09"]
[EventType "swiss (blitz)"]
[EventRounds "11"]
[EventCountry "USA"]
[SourceTitle "CBM 205 Extra"]
[Source "ChessBase"]
[SourceDate "2022.01.31"]
[SourceVersion "1"]
[SourceVersionDate "2022.01.31"]
[SourceQuality "1"]

1. d4 Nf6 2. c4 e6 3. Nc3 Bb4 4. Bg5 h6 5. Bh4 b6 6. Qc2 Bb7 7. e3 g5 8. Bg3 Ne4 9. f3 Bxc3+ 10. bxc3 Nxg3 11. hxg3 d6 12. g4 Nd7 13. Bd3 Qe7 14. Be4 0-0-0 15. Kf2 h5 16. gxh5 f5 17. Bxb7+ Kxb7 18. Ne2 Rdf8 19. a4 a5 20. Rab1 e5 21. Ng3 Qf7 22. e4 Qxc4 23. Nxf5 exd4 24. Nxd4 Ne5 25. Qb3 Qd3 26. Qd5+ Kc8 27. Ne2 Rxf3+ 28. gxf3 Qxf3+ 29. Kg1 Qxe2 30. Rf1 Kb8 31. Qe6 g4 32. Qf6 Nf3+ 33. Rxf3 gxf3 34. Qxh8+ Kb7 35. Rh2 Qe1# 0-1

[Event "Titled Tuesday intern op 09th Nov"]
[Site "Chess.com INT"]
[Date "2021.11.09"]
[Round "10"]
[White "Kretov, Evgenij"]
[Black "Thorhallsson, Simon"]
[Result "0-1"]
[WhiteElo "2274"]
[BlackElo "2275"]
[PlyCount "110"]
[EventDate "2021.11.09"]
[EventType "swiss (blitz)"]
[EventRounds "11"]
[EventCountry "USA"]
[SourceTitle "CBM 205 Extra"]
[Source "ChessBase"]
[SourceDate "2022.01.31"]
[SourceVersion "1"]
[SourceVersionDate "2022.01.31"]
[SourceQuality "1"]

1. d4 Nf6 2. c4 e5 3. dxe5 Ng4 4. Bf4 Nc6 5. Nf3 Bb4+ 6. Nbd2 Qe7 7. a3 Ngxe5 8. Nxe5 Nxe5 9. e3 Bxd2+ 10. Qxd2 d6 11. Be2 0-0 12. 0-0 Bd7 13. Rac1 Bc6 14. Rfd1 a5 15. c5 dxc5 16. Qc3 Ng6 17. Bg3 b6 18. b4 axb4 19. axb4 Ba4 20. Rd2 cxb4 21. Qxc7 Qxc7 22. Rxc7 Rfc8 23. Rd4 Rxc7 24. Bxc7 Bc2 25. f3 b3 26. Rb4 Ra1+ 27. Kf2 Ra2 28. Rxb6 h5 29. Kg3 b2 30. Bc4 b1Q 31. Rxb1 Bxb1 32. Bxa2 Bxa2 33. e4 f6 34. Kf2 Kf7 35. g3 Ke6 36. Ke3 Bb3 37. Kd4 Bd1 38. Ke3 Ne7 39. Ba5 Nc6 40. Bc3 Ne5 41. f4 Ng4+ 42. Kd2 Bf3 43. h3 Nf2 44. Ke3 Nxe4 45. Bb4 Bg2 46. g4 Kd5 47. gxh5 Bxh3 48. Bf8 Nd6 49. Bxg7 Nf5+ 50. Kf2 Nxg7 51. h6 Bf5 52. hxg7 Bh7 53. Kf3 Ke6 54. Kg4 Kf7 55. Kh5 Kxg7 0-1

[Event "Titled Tuesday intern op 09th Nov"]
[Site "Chess.com INT"]
[Date "2021.11.09"]
[Round "9"]
[White "Rodchenkov, Vitaly"]
[Black "Kretov, Evgenij"]
[Result "0-1"]
[WhiteElo "2330"]
[BlackElo "2274"]
[PlyCount "48"]
[EventDate "2021.11.09"]
[EventType "swiss (blitz)"]
[EventRounds "11"]
[EventCountry "USA"]
[SourceTitle "CBM 205 Extra"]
[Source "ChessBase"]
[SourceDate "2022.01.31"]
[SourceVersion "1"]
[SourceVersionDate "2022.01.31"]
[SourceQuality "1"]

1. Nf3 c5 2. b3 Nf6 3. Bb2 e6 4. c4 b6 5. Nc3 Bb7 6. e3 Be7 7. d4 cxd4 8. exd4 d5 9. Bd3 0-0 10. 0-0 Nc6 11. Qe2 Rc8 12. Rad1 Na5 13. Ne5 Re8 14. Rfe1 Bf8 15. g4 g6 16. g5 Nh5 17. Qg4 dxc4 18. bxc4 Bg7 19. Ne4 Qe7 20. d5 exd5 21. cxd5 Bxe5 22. Nf6+ Nxf6 23. Rxe5 Nxg4 24. Rxe7 Rxe7 0-1

[Event "RUS-chT Rapid"]
[Site "Sochi"]
[Date "2021.10.15"]
[Round "2.5"]
[White "Kretov, Evgenij"]
[Black "Drygalov, Andrey"]
[Result "0-1"]
[WhiteElo "2274"]
[BlackElo "2508"]
[PlyCount "90"]
[EventDate "2021.10.15"]
[EventType "team-swiss (rapid)"]
[EventRounds "9"]
[EventCountry "RUS"]
[SourceTitle "CBM 204 Extra"]
[Source "ChessBase"]
[SourceDate "2021.11.30"]
[SourceVersion "1"]
[SourceVersionDate "2021.11.30"]
[SourceQuality "1"]
[WhiteTeam "Voronezh Inleksis"]
[BlackTeam "Cheliabinsk Yuzhnyy Ural"]
[WhiteTeamCountry "RUS"]
[BlackTeamCountry "RUS"]

1. d4 Nf6 2. c4 e6 3. Nc3 Bb4 4. Bg5 h6 5. Bh4 d5 6. e3 g5 7. Bg3 Ne4 8. Qc2 h5 9. a3 Bxc3+ 10. bxc3 Nc6 11. f3 Nxg3 12. hxg3 Qd6 13. g4 h4 14. Nh3 Qe7 15. Rb1 b6 16. Bd3 Bd7 17. 0-0 dxc4 18. Bxc4 Na5 19. Bb5 c6 20. Bd3 c5 21. f4 gxf4 22. Rxf4 e5 23. Re4 Nc6 24. Bb5 f6 25. Nf4 Rg8 26. Qa4 Rc8 27. Rf1 Qd6 28. Nh5 Rf8 29. g5 fxg5 30. dxe5 Rxf1+ 31. Bxf1 Nxe5 32. Qxa7 Kd8 33. Qa6 h3 34. Ng3 Nf3+ 35. Kf2 Nd2 36. gxh3 Nxe4+ 37. Nxe4 Qg6 38. Bg2 Ke7 39. Qa7 g4 40. h4 g3+ 41. Ke2 Qe6 42. Ng5 Qa2+ 43. Kf3 Qf2+ 44. Ke4 Qxg2+ 45. Ke5 Qc6 0-1